|
|
|
|
| LEADER |
01830cas a2200277 a 4500 |
| 001 |
AALejournalIMF018129 |
| 008 |
230101c9999 xx r poo 0 0eng d |
| 020 |
|
|
|c 5.00 USD
|
| 020 |
|
|
|z 9781484333037
|
| 022 |
|
|
|a 1018-5941
|
| 040 |
|
|
|a BD-DhAAL
|c BD-DhAAL
|
| 100 |
1 |
|
|a Alvarez, Jorge.
|
| 245 |
1 |
0 |
|a Firms and the Decline in Earnings Inequality in Brazil /
|c Jorge Alvarez, Felipe Benguria, Niklas Engbom, Christian Moser.
|
| 264 |
|
1 |
|a Washington, D.C. :
|b International Monetary Fund,
|c 2017.
|
| 300 |
|
|
|a 1 online resource (59 pages)
|
| 490 |
1 |
|
|a IMF Working Papers
|
| 500 |
|
|
|a <strong>Off-Campus Access:</strong> No User ID or Password Required
|
| 500 |
|
|
|a <strong>On-Campus Access:</strong> No User ID or Password Required
|
| 506 |
|
|
|a Electronic access restricted to authorized BRAC University faculty, staff and students
|
| 520 |
3 |
|
|a We document a large decrease in earnings inequality in Brazil between 1996 and 2012. Using administrative linked employer-employee data, we fit high-dimensional worker and firm fixed effects models to understand the sources of this decrease. Firm effects account for 40 percent of the total decrease and worker effects for 29 percent. Changes in observable worker and firm characteristics contributed little to these trends. Instead, the decrease is primarily due to a compression of returns to these characteristics, particularly a declining firm productivity pay premium. Our results shed light on potential drivers of earnings inequality dynamics.
|
| 538 |
|
|
|a Mode of access: Internet
|
| 700 |
1 |
|
|a Benguria, Felipe.
|
| 700 |
1 |
|
|a Engbom, Niklas.
|
| 700 |
1 |
|
|a Moser, Christian.
|
| 830 |
|
0 |
|a IMF Working Papers; Working Paper ;
|v No. 2017/278
|
| 856 |
4 |
0 |
|z Full text available on IMF
|u http://elibrary.imf.org/view/journals/001/2017/278/001.2017.issue-278-en.xml
|z IMF e-Library
|